• Bourgeois, Bernard,

di Personal Name

Records bibliografici associati: 1

001 - CONTROL NUMBER

  • control field: 36539

003 - CONTROL NUMBER IDENTIFIER

  • control field: IT-RoINE

005 - DATE AND TIME OF LATEST TRANSACTION

  • control field: 20170707095908.0

008 - FIXED-LENGTH DATA ELEMENTS

  • fixed length control field: 170707|| aca||aabn | a|a d

040 ## - CATALOGING SOURCE

  • Original cataloging agency: IT-RoINE
  • Transcribing agency: IT-RoINE

100 ## - HEADING--PERSONAL NAME

  • Personal name: Bourgeois, Bernard,
  • Dates associated with a name: 1929-

670 ## - SOURCE DATA FOUND

  • Source citation: Work cat.: (IT-RoINE): Bourgeois, Bernard, 1929-, Penser l'histoire du présent avec Hegel /, 2017.